000 01394namaa22003371i 4500
005 20260520141157.0
008 260520t1994 ua a|||frm||| 00| 0 eng d
040 _aEG-GICUC
_beng
_cEG-GICUC
_dEG-GICUC
_erda
041 0 _aeng
_beng
_bara
049 _aDeposit
097 _aM.Sc
099 _aCai01.11.18.M.Sc.1994.Ah.H
100 0 _aAhmed Abd El-Azeem Mohamed
_epreparation.
245 1 0 _aHemostatic disordrers in malignant diseases /
_cBy Ahmed Abd El-Azeem Mohamed ; Supervised By Prof. Dr. Naila Mahmoud Sherif, Prof. Dr. Medhat El-Fatatry.
246 1 5 _aإضطرابات تجلط الدم فى الأمراض السرطانية
264 0 _c1994.
300 _a82 pages :
_billustrations ;
_c30 cm. +
336 _2rda content
_atext
337 _2rdamedia
_aUnmediated
338 _2rdacarrier
_avolume
502 _aThesis (M.Sc.)-Cairo University, 1994.
504 _aBibliography: pages 82-87
653 0 _ainternal medicine
653 0 _amalignant diseases
653 0 _aHemostatic disordrers
700 0 _aProf. Dr. Naila Mahmoud Sherif.
_ethesis advisor.
700 0 _aProf. Dr. Medhat El-Fatatry.
_ethesis advisor.
900 _DDepartment of internal medicine
_FFaculty of medicine
_UCairo University
_b1994
_cProf. Dr. Naila Mahmoud Sherif.
_cProf. Dr. Medhat El-Fatatry.
_dProf. Dr. Naila Mahmoud Sherif.
905 _aNermeen-A
942 _2ddc
_cTH
_e21
_n0
999 _c180239